000 00948nas a2200325 4500
001 BR2015006514
003 BR-BrBNA
005 20231205125918.0
007 ta
008 230509b bl.|||p| |||| 00| 00por d
040 _aBR-BrBNA
_bpor
_cBiblioteca Nacional de Agricultura
041 _a(En)
072 _aL02; L01
100 1 _aTeixeira Junior, D.
100 1 _aMissio, R.L.
100 1 _aSforcini, M.P.R.
100 1 _aOliveira, M.D.S. de
100 1 _aFerrari, V.B.
100 1 _aSantos, R.F.
245 1 _aProductive performance of dairy cows fed with hydrolyzed sugarcane
650 _aVACA LEITEIRA
650 _aGADO HOLANDÊS
650 _aDIETA
650 _aMATÉRIA SECA
650 _aCANA DE AÇÚCAR
650 _aPRODUÇÃO ANIMAL
773 0 _tCiência Rural (Brazil)
_xISSN 0103-8478
_g(Oct 2015), v. 45(10) p. 1848-1853
_wBR2015006514
909 _a202311
_bLúcia
_c55
_dLúcia Elande
942 _2AGRIS
_n0
_cANA
999 _c246845
_d246845